000 00604nam a2200169 a 4500
001 000032094
005 20200930063426.0
008 110712s2001 dr 000 0 spa d
040 _aDO-SdBNP
_bspa
_cBNPHU
110 1 _aRepública Dominicana
_9447
240 1 0 _a[Leyes,etc]
245 1 0 _aLey 11-01 de amnistía fiscal :
_bley 12-01 que modifica las leyes 146-00 y 147-00 de reforma arancelaria y tributaria.
246 1 0 _aley 12-01 que modifica las leyes 146-00 y 147-00 de reforma arancelaria y tributaria
260 _aSanto Domingo :
_b[s.n.],
_c2001.
300 _a12 p. ;
_c22 cm.
049 _aBNPD
999 _c31585
_d31585